000 00421nam a2200145Ia 4500
008 151213s9999 xx 000 0 und d
100 _aChristian, S.
245 _aWhat makes the grand canyon grand
_bThe world's most awiinspering natural wonders
_cChristian, S.
260 _aSan Francisco
_bJossey Bass
_c1998
300 _a1743 p.
650 _aReference
650 _aTravel
700 _aChristian, S.
999 _c1284
_d1284